000 00804cab a2200229 4500
001 ABS51073
008 090401t1994 xxu||||| |||| 00| 0 eng d
035 _a(Sirsi) u8123
041 _aeng
245 _aPharmaceuticals
260 _c1994
350 _a0
490 _aEstates Times
_v(1243) 22 July 1994, 11-14(4)
520 _aExamines how pressure on pharmaceutical companies to reduce prices and increasing emphasis on R & D affects the property market. Profiles leading companies and looks at Hertfordshire, a popular area for drug companies.
650 _aHERTFORDSHIRE
650 _aOCCUPIERS NEEDS
650 _aPHARMACEUTICAL COMPANIES
650 _aPHARMACEUTICAL INDUSTRY
690 _aPROPERTY-COMMERCIAL PROPERTY-COMMERCIAL PROPERTY MARKET
942 _n0
948 _c04/03/1997
999 _c4956
_d4956